The search for the silver persian / (Record no. 3863)

MARC details
000 -LEADER
fixed length control field 00844nam a22002537a 4500
001 - CONTROL NUMBER
control field 3863
003 - CONTROL NUMBER IDENTIFIER
control field FISKH
005 - DATE AND TIME OF LATEST TRANSACTION
control field 20240521090128.0
008 - FIXED-LENGTH DATA ELEMENTS--GENERAL INFORMATION
fixed length control field 240520b cb ||||| |||| 00| 0 eng d
040 ## - CATALOGING SOURCE
Original cataloging agency FISK
Language of cataloging eng
Transcribing agency FISK
Modifying agency FISK
082 ## - DEWEY DECIMAL CLASSIFICATION NUMBER
Classification number 813.52
100 ## - MAIN ENTRY--PERSONAL NAME
Personal name Keene Carolyn
Dates associated with a name 1905-2002
245 ## - TITLE STATEMENT
Title The search for the silver persian /
Statement of responsibility, etc. Carolyn Keene
260 ## - PUBLICATION, DISTRIBUTION, ETC.
Place of publication, distribution, etc. New York :
Name of publisher, distributor, etc. Minstrel Books,
Date of publication, distribution, etc. 1993
300 ## - PHYSICAL DESCRIPTION
Extent 151 pages :
Dimensions 20 cm
490 ## - SERIES STATEMENT
Volume/sequential designation 114 number
Series statement Nancy drew
505 ## - FORMATTED CONTENTS NOTE
Formatted contents note K
520 ## - SUMMARY, ETC.
Summary, etc. When her friend's cat, Purrfect, is kidnapped after entering a River Heights cat show, Nancy Drew investigates the case of the missing feline and uncovers a devious scam.
521 8# - TARGET AUDIENCE NOTE
Target audience note 610
Source Lexile estimates,
521 8# - TARGET AUDIENCE NOTE
Target audience note K
Source Lexile estimates,
700 ## - ADDED ENTRY--PERSONAL NAME
Personal name Carolyn Keene
942 ## - ADDED ENTRY ELEMENTS (KOHA)
Source of classification or shelving scheme Dewey Decimal Classification
Koha item type Books
Suppress in OPAC No
Holdings
Withdrawn status Lost status Source of classification or shelving scheme Damaged status Not for loan Collection Home library Current library Shelving location Date acquired Total Checkouts Full call number Barcode Date last seen Copy number Price effective from Koha item type
    Dewey Decimal Classification Damaged   Fiction Footprints International School Library Network Toul Kork Campus Footprints International School Library Network Toul Kork Campus   05/20/2024   KEE 813.52 2024-0643 05/20/2024 1 05/20/2024 Books